Proyecto "mejora de los aprendizajes de la Lengua Española a través de la implementación de estratégias de enseñanza y uso de recursos para la enseñanza de la Lengua Española (Record no. 8556)

MARC details
000 -LEADER
campo de control de longitud fija 00582nam a2200133Ia 4500
001 - NÚMERO DE CONTROL
campo de control 3443
008 - DATOS DE LONGITUD FIJA--INFORMACIÓN GENERAL
campo de control de longitud fija 241024s9999 xx 000 0 und d
082 ## - NÚMERO DE LA CLASIFICACIÓN DECIMAL DEWEY
Número de clasificación RD/373.071/R426p/2012
100 ## - ENTRADA PRINCIPAL--NOMBRE DE PERSONA
Nombre de persona República Dominicana.Ministerio de Educación. Dirección General de Educación Media
245 #0 - MENCIÓN DEL TÍTULO
Título Proyecto "mejora de los aprendizajes de la Lengua Española a través de la implementación de estratégias de enseñanza y uso de recursos para la enseñanza de la Lengua Española
260 ## - PUBLICACIÓN, DISTRIBUCIÓN, ETC.
Nombre del editor, distribuidor, etc. Santo Domingo, República Dominicana
Fecha de publicación, distribución, etc. 2012
901 ## - ELEMENTOS DE DATOS A LOCAL LDA (RLIN)
a 6/11/2013 11:24:10 a.m.

No items available.

© 2024. Todos los Derechos Reservados. Desarrollado por IDEICE